000 01041cam a2200313 a 4500
005 20150921145900.0
008 970903s1996 ck a r 00110 spa d
015 _ack-1996-xxxx
020 _a9589365027
040 _ala
_cla
041 0 _aspa
043 _as-ck---
082 0 4 _a584.39
_bS93m
100 1 _aSuarez, Stella.
_95829
245 1 4 _aLas Marantaceas de la Región de Araracuara
_bmarantaceae in the araracuara region /
_cStella Suarez Gloria Galeano ;
260 _a Bogotá :
_bTropenbos Colombia, Universidad Nacional de Colombia,
_c1996.
300 _a115 p. :
_bil. ;
_c24 cm.
500 _aGlosario : p. 107-108.
504 _aIncluye bibliografia e indice.
650 _aMarantaceas
_z Araracuara (Colombia)
_939133
650 _aDescripción especies
_938669
650 _aDistribucion
_939134
650 _aUsos
_939135
700 1 _aGaleano, Gloria.
_9443
700 1 _aLopez, German,
_eil.
_938672
740 0 2 _aMarantaceae in the Araracuara region.
942 _2ddc
_cLIBRO
949 _ac
_bc
999 _c17778
_d17778